International Relations: (Record no. 189481)

MARC details
000 -LEADER
fixed length control field 00598nam a22001817a 4500
005 - DATE AND TIME OF LATEST TRANSACTION
control field 20220701155344.0
010 ## - LCCN (DPL NO)
LC control number ENG-133417
020 ## - INTERNATIONAL STANDARD BOOK NUMBER
International Standard Book Number 9789391370992
Terms of availability 795.00
035 ## - SYSTEM CONTROL NUMBER
System control number EN-116749
037 ## - SOURCE OF ACQUISITION
Source of stock number/acquisition DBAD/PUB
082 ## - DEWEY DECIMAL CLASSIFICATION NUMBER
Classification number 327.101
100 ## - MAIN ENTRY--PERSONAL NAME
Personal name Mukhopadhyay, Amartya
245 ## - TITLE STATEMENT
Title International Relations:
Remainder of title Theories and Approaches/
Statement of responsibility, etc Amartya Mukhopadhyay
260 ## - PUBLICATION, DISTRIBUTION, ETC. (IMPRINT)
Place of publication, distribution, etc New Delhi
Name of publisher, distributor, etc Sage Publications India Pvt. Ltd
Date of publication, distribution, etc 2021
270 ## - ADDRESS
Address B1/I-I Mohan Cooperative Industrial Area Mathura Road
City New Delhi
Postal code 110044
300 ## - PHYSICAL DESCRIPTION
Extent vp.
Dimensions 23cm(pbk)
942 ## - ADDED ENTRY ELEMENTS (KOHA)
Source of classification or shelving scheme Dewey Decimal Classification
Item type English Books
Classification part 327.101
Call number suffix MUK
Holdings
Withdrawn status Lost status Not for loan Collection code Home library Current library Date acquired Source of acquisition Cost, normal purchase price Full call number Barcode Copy number Cost, replacement price Koha item type
      Non-fiction Ashok Vihar Ashok Vihar 01/07/2022 DBAD/PUB 795.00 327.101 MUK EN-116949 1 795.00 English Books

© Delhi Public Library
Hit Counter
free hit counter